[Event "Titled Tuesday intern op 24th Sep Early"]
[Site "Chess.com INT"]
[Date "2024.09.24"]
[Round "5"]
[White "Nasta, Kiren Vivek"]
[Black "Siskou, Evangelia"]
[Result "1-0"]
[WhiteElo "2073"]
[BlackElo "1880"]
[PlyCount "123"]
[EventDate "2024.09.24"]
[EventType "swiss (blitz)"]
[EventRounds "11"]
[EventCountry "USA"]
[SourceTitle "EXT 2025"]
[Source "ChessBase"]
[SourceDate "2024.10.14"]
[SourceVersion "1"]
[SourceVersionDate "2024.10.14"]
[SourceQuality "1"]

1. e4 c5 2. Nf3 Nc6 3. d4 cxd4 4. Nxd4 g6 5. Nc3 Bg7 6. Be3 Nf6 7. Nxc6 bxc6 8. e5 Ng8 9. Bd4 e6 10. Ne4 Qa5+ 11. Bc3 Qd5 12. Nd6+ Ke7 13. Qe2 Nh6 14. Rd1 Qxa2 15. Bb4 Kd8 16. Qd2 Qd5 17. Qg5+ f6 18. exf6 Qxg5 19. fxg7 Qe5+ 20. Be2 Qxg7 21. Bc3 e5 22. 0-0 Nf5 23. Nc4 Re8 24. g4 Nd4 25. Ba5+ Ke7 26. Bb4+ Kf6 27. Bd3 d5 28. f4 e4 29. g5+ Kf7 30. Nd6+ Kf8 31. Nf5+ Kf7 32. Nxg7 Kxg7 33. Bc3 c5 34. Bb5 Rf8 35. Bc6 Rb8 36. Rxd4 cxd4 37. Bxd4+ Kg8 38. Bxd5+ Rf7 39. Re1 Bf5 40. Bxf7+ Kxf7 41. Ra1 Rb7 42. Rxa7 Rxa7 43. Bxa7 e3 44. Bxe3 Bxc2 45. Bd4 Bb3 46. Kf2 Ke6 47. Ke3 Kf5 48. h3 Bd5 49. Bf6 Bg2 50. h4 Kg4 51. Kd4 Kxh4 52. b4 Kg4 53. Be5 Kh5 54. b5 Kg4 55. Kc5 Kf5 56. Kd6 Ke4 57. b6 Kf5 58. Kc7 Kg4 59. b7 Bxb7 60. Kxb7 Kh5 61. Kc6 h6 62. Bf6 1-0

[Event "Titled Tuesday intern op 24th Sep Early"]
[Site "Chess.com INT"]
[Date "2024.09.24"]
[Round "1"]
[White "Toktomushev, Teimur"]
[Black "Nasta, Kiren Vivek"]
[Result "1-0"]
[WhiteElo "2274"]
[BlackElo "2073"]
[PlyCount "61"]
[EventDate "2024.09.24"]
[EventType "swiss (blitz)"]
[EventRounds "11"]
[EventCountry "USA"]
[SourceTitle "EXT 2025"]
[Source "ChessBase"]
[SourceDate "2024.10.14"]
[SourceVersion "1"]
[SourceVersionDate "2024.10.14"]
[SourceQuality "1"]

1. d4 Nf6 2. c4 g6 3. Nc3 d5 4. cxd5 Nxd5 5. e4 Nxc3 6. bxc3 Bg7 7. Be3 c5 8. Qd2 0-0 9. Nf3 Qa5 10. Rc1 Rd8 11. d5 e6 12. c4 Qxd2+ 13. Nxd2 b6 14. Be2 Na6 15. 0-0 Nb4 16. a3 Na2 17. Rc2 Nc3 18. Bf3 exd5 19. cxd5 f5 20. Bg5 Re8 21. e5 Bxe5 22. Nc4 Bd4 23. d6 Rb8 24. Bc6 Re2 25. Rxe2 Nxe2+ 26. Kh1 Bb7 27. Bxb7 Rxb7 28. Re1 b5 29. Na5 Bc3 30. Nxb7 Bxe1 31. d7 1-0

[Event "New York Marshall Labor Day Schev"]
[Site "New York"]
[Date "2024.09.02"]
[Round "8.7"]
[White "Aravindakshan, Sahana"]
[Black "Nasta, Kiren Vivek"]
[Result "0-1"]
[WhiteElo "2003"]
[BlackElo "2148"]
[PlyCount "84"]
[EventDate "2024.08.29"]
[EventType "schev"]
[EventRounds "9"]
[EventCountry "USA"]
[SourceTitle "EXT 2025"]
[Source "ChessBase"]
[SourceDate "2024.10.14"]
[SourceVersion "1"]
[SourceVersionDate "2024.10.14"]
[SourceQuality "1"]

1. d4 Nf6 2. c4 g6 3. Nc3 d5 4. cxd5 Nxd5 5. e4 Nxc3 6. bxc3 Bg7 7. Qa4+ Nd7 8. Nf3 0-0 9. Be2 Nb6 10. Qa5 Bg4 11. 0-0 c5 12. Qxc5 Na4 13. Qb4 Bxf3 14. Bxf3 Nxc3 15. e5 Rc8 16. Ba3 b5 17. Bg4 Rc4 18. Qxe7 Qxd4 19. Bd1 b4 20. Bb2 Bxe5 21. Bxc3 bxc3 22. Bb3 Rc7 23. Qa3 c2 24. Rac1 Rfc8 25. g3 Bg7 26. Kg2 Bh6 27. f4 Qe4+ 28. Kh3 Rc5 29. Rfe1 Rh5+ 30. Kg4 Qf5+ 31. Kf3 Rc3+ 32. Re3 Rxe3+ 33. Kxe3 Bxf4+ 34. gxf4 Rh3+ 35. Kd4 Rd3+ 36. Kc4 Qd5+ 37. Kb4 Qd6+ 38. Ka4 Rd4+ 39. Bc4 Rxc4+ 40. Kb3 Rc3+ 41. Kxc3 Qxa3+ 42. Kxc2 Qxa2+ 0-1

[Event "New York Marshall Labor Day Schev"]
[Site "New York"]
[Date "2024.08.31"]
[Round "5.6"]
[White "Nasta, Kiren Vivek"]
[Black "Shangin, Lev"]
[Result "0-1"]
[WhiteElo "2148"]
[BlackElo "1974"]
[PlyCount "76"]
[EventDate "2024.08.29"]
[EventType "schev"]
[EventRounds "9"]
[EventCountry "USA"]
[SourceTitle "EXT 2025"]
[Source "ChessBase"]
[SourceDate "2024.10.14"]
[SourceVersion "1"]
[SourceVersionDate "2024.10.14"]
[SourceQuality "1"]

1. e4 c5 2. Nf3 d6 3. d4 cxd4 4. Nxd4 Nf6 5. Nc3 a6 6. Be2 e6 7. Be3 Be7 8. 0-0 0-0 9. f4 Nc6 10. a4 Qc7 11. Kh1 Nxd4 12. Qxd4 Bd7 13. e5 Ne8 14. Rad1 Bc6 15. Bd3 Rd8 16. Qb6 dxe5 17. fxe5 Qxe5 18. Bf4 Qh5 19. Rde1 Qc5 20. Qb3 Nf6 21. Re5 Qd4 22. Rg5 h6 23. Be5 Qh4 24. Rg3 Ng4 25. Rxg4 Qxg4 26. Bg3 Qb4 27. Qa2 Bd6 28. Ne2 Bxg3 29. Nxg3 Qxa4 30. Qb1 Bb5 31. b3 Qd4 32. Bxb5 axb5 33. Qe1 Rc8 34. Qe2 Qc5 35. Nh5 Qxc2 36. Qe5 Qg6 37. Qxb5 Qg5 38. Qe2 Rc1 0-1

[Event "World op 52nd"]
[Site "Philadelphia"]
[Date "2024.07.06"]
[Round "6"]
[White "Nasta, Kiren Vivek"]
[Black "Reiss, Aiden"]
[Result "1/2-1/2"]
[WhiteElo "2029"]
[BlackElo "2161"]
[PlyCount "40"]
[EventDate "2024.07.03"]
[EventType "swiss"]
[EventRounds "9"]
[EventCountry "USA"]
[SourceTitle "CBM 221 Extra"]
[Source "ChessBase"]
[SourceDate "2024.09.30"]
[SourceVersion "1"]
[SourceVersionDate "2024.09.30"]
[SourceQuality "1"]

1. e4 c5 2. Nf3 e6 3. d4 cxd4 4. Nxd4 Nf6 5. Nc3 Nc6 6. Be2 Be7 7. Nxc6 bxc6 8. e5 Nd5 9. Ne4 Qc7 10. Nd6+ Bxd6 11. exd6 Qa5+ 12. Bd2 Qc5 13. c4 Nf6 14. Bc3 Ne4 15. Qd4 Qxd4 16. Bxd4 f6 17. 0-0-0 Nxd6 18. Bxf6 gxf6 19. Rxd6 Rg8 20. Bf3 Ke7 1/2-1/2